000 00478nam a2200157 a 4500
005 20140412111228.0
008 020415s19uu xx 00 eng d
020 _a0-939007-20-7
050 _aTR(GS 372.3
_bHo75 1989
100 _aCanter, Lee
245 _aHomework motivators, grades 1-6 :
_bLee Canter's homework without tears /
_cLee Canter.
260 _a[s.l.] :
_bLee Canter & Associates Inc,
_c1989.
300 _a64 p. ; ill.
650 _aAssignment
999 _c102096
_d102096